Angola, Scale 1:500,000, TPC N-3C, June 2, 1988.

Bibliographic Details
Corporate Author: United States. National Imagery and Mapping Agency
Format: Government Document Book
Language:English
Published: [Place of publication not identified] : [publisher not identified], [1999?]

MARC

Tag First Indicator Second Indicator Subfields
LEADER 00000cam a22000007a 4500
001 in00000005379
005 20150929082300.0
008 990902s1999 xxu f000 0 eng d
035 |a (OCoLC) 
035 |a tmp97156821 
035 |9 AJK2949AM 
040 |a MvI  |c MvI  |d UtOrBLW 
049 |a MAPS 
074 |a 0378-E-05 
086 0 |a D 5.354:TPC N-3 C/988 
245 0 0 |a Angola, Scale 1:500,000, TPC N-3C, June 2, 1988. 
264 1 |a [Place of publication not identified] :  |b [publisher not identified],  |c [1999?] 
336 |a text  |b txt  |2 rdacontent 
337 |a unmediated  |b n  |2 rdamedia 
338 |a volume  |b nc  |2 rdacarrier 
500 |a Shipping List #: 99-2015-S 
500 |a Shipping List Date: 08/12/99 
710 1 |a United States.  |b National Imagery and Mapping Agency. 
999 |a MARS 
999 f f |s d99dae20-bef2-3a67-b7e2-34a920879083  |i a7b682b5-87ff-338c-800c-a8819d8d26d9  |t 0 
952 f f |p normal  |a Texas A&M University  |b College Station  |c Sterling C. Evans Library  |d Evans: Maps (2nd floor)  |t 0  |e D 5.354:TPC N-3 C/988  |h Superintendent of Documents classification  |i unmediated -- volume 
998 f f |a D 5.354:TPC N-3 C/988  |t 0  |l Evans: Maps (2nd floor)